[Event "BEL-chT 1819"]
[Site "Belgium"]
[Date "2019.02.10"]
[Round "7.7"]
[White "De Waele, Warre"]
[Black "Heyman, Geert"]
[Result "1-0"]
[WhiteElo "2242"]
[BlackElo "1676"]
[PlyCount "83"]
[EventDate "2018.09.30"]
[EventType "team-tourn"]
[EventRounds "11"]
[EventCountry "BEL"]
[SourceTitle "CBM 189 Extra"]
[Source "ChessBase"]
[SourceDate "2019.06.03"]
[SourceVersion "1"]
[SourceVersionDate "2019.06.03"]
[SourceQuality "1"]
[WhiteTeam "KBSK Brugge"]
[BlackTeam "Brasschaat"]
[WhiteTeamCountry "BEL"]
[BlackTeamCountry "BEL"]

1. d4 Nf6 2. c4 g6 3. Nc3 Bg7 4. e4 d6 5. Nf3 0-0 6. Be2 e5 7. Be3 Nc6 8. d5 Ne7 9. Nd2 Nd7 10. 0-0 f5 11. f3 f4 12. Bf2 g5 13. b4 Nf6 14. c5 Ng6 15. Nc4 h5 16. cxd6 cxd6 17. Nb5 b6 18. Nbxd6 Bd7 19. Rc1 Ne8 20. Nxe8 Qxe8 21. Qb3 Rf6 22. Nd2 g4 23. Ba6 b5 24. Bb7 Rb8 25. Rc7 g3 26. Bxa7 gxh2+ 27. Kh1 Nh4 28. Bf2 Nxg2 29. Kxg2 h4 30. Kxh2 Rg6 31. Bc6 Rd8 32. Rg1 Rxg1 33. d6+ Kh8 34. Bxd7 Rxd7 35. Bxg1 Qg6 36. Bf2 h3 37. Kxh3 Rxd6 38. Rc8+ Kh7 39. Qg8+ Kh6 40. Rd8 Qh5+ 41. Bh4 Rg6 42. Qh8+ 1-0